Guess the Glam Rock song by the lyrics - Statistics

General Stats
  • This quiz has been taken 49 times
    48 since last reset
  • The average score is 11 of 37
Answer Stats
Hint Answer % Correct
She keeps her Moët et ChandonIn her pretty cabinet... Killer Queen
84%
So you think you can stone me and spit in my eye? Bohemian Rhapsody
72%
You've got the teeth of the Hydra upon you, you're dirty sweet and you're my girl Get it on
64%
Well I'm not the world's most physical guyBut when she squeezed me tight she nearly broke my spine Lola
64%
And I think it's gonna be a long, long time Rocketman
64%
Wham bam thank you ma'am Suffragette City
64%
Plucked her eyebrows along the way, shaved her legs and then he was a she... Walk on the Wild Side
64%
Now the man in the back is ready to crackAs he raises his hands to the sky Ballroom Blitz
60%
Well, we got no classAnd we got no principals Schools Out
56%
It's late September and I really should be back at school Maggie May
48%
You've got your mother in a whirlShe's not sure if you're a boy or a girl Rebel Rebel
40%
You better beware, you better take care You better watch out if you've got long black hair Blockbuster
32%
New York's a go-go and everything tastes rightPoor little Greene Jean Genie
32%
So make a stand for your man, honey Can the Can
28%
"I thought you died alone a long long time ago" The Man Who Sold the World
28%
Well you can bump and grind it is good for your mind Children Of The Revolution
24%
...and then later a movie, tooand then home Perfect Day
24%
Satellite's gone way up to Mars Soon it'll be filled with parking cars Satellite of Love
24%
I know your name is Rita 'cause your perfume's smellin' sweeter Stay With Me
24%
You've got your hip swinging out of boundsAnd I like the way you do what you're doin' to me Tiger Feet
24%
Friends say it's fineFriends say it's good Everybody says it's just like rock and roll 20th Century Boy
20%
She turns me onBut don't get me wrong John I'm Only Dancing
20%
And Wendy's stealing clothes from Marks & Sparks All the Young Dudes
16%
So come alive. Come alive... Devil Gate Drive
16%
Late that night I parked my carStaked my place in the singles bar Love is the Drug
16%
Blue eyes, blue eyesHow come you tell so many lies? Make Me Smile
16%
Wear a tall hat like a druid in the old daysWear a tall hat and a tatooed gown Ride a White Swan
16%
I had nothing to do on this hot afternoon But settle down and write you a line You Wear it Well
16%
I just like the things you do mmm Cuz I Love You
12%
You're so sweetYou're so fine I want you all and everything just to be mine Jeepster
12%
I got no friends 'cause they read the papersThey can't be seen with me No More Mr Nice Guy
12%
You're so sheer, you're so chicTeenage rebel of the week Virginia Plain
12%
She took us on the carouselShe made us smile and oh, how we laughed Judy Teen
8%
Heartbeat, increasing heartbeatYou hear the thunder of stampeding rhinos, elephants and tacky tigers This Town Ain't Big Enough For Both of Us
8%
I don't want to drink my whisky like you do I don't need to spend my money but still do Mama Weer All Crazee Now
4%
Well, I like itI like it I like it It's Only Rock 'n' Roll
0%
So don't take me home honey nowNa na na na na na... Your Mama Wouldn't Like Me
0%
No matching quizzes found
Score Distribution
Percent of People with Each Score
Percentile by Number Answered
Your Score History
You have not taken this quiz since the last reset